| 000 | 00854nam a2200253Ia 4500 | ||
|---|---|---|---|
| 005 | 20240108101222.0 | ||
| 008 | 131103s9999 xx 000 0 und d | ||
| 020 | _a451527275 | ||
| 040 | _aLoreto College | ||
| 041 | _aEnglish | ||
| 082 |
_a822.33 S _bAUD |
||
| 100 | _aShakespeare, William; 1564-1616 | ||
| 245 | 4 |
_aThe sonnets _b With new and updated critical essays and a revised bibliography. _cWilliam Shakespeare. Introduction by W.H.Auden. Edited by William Burto |
|
| 260 |
_aNew York _bSignet Classic _c(c)1999 |
||
| 300 | _alix,210p | ||
| 440 | _aThe Signet Classic Shakespeare | ||
| 504 | _aIncludes suggested bibliography and index of first lines | ||
| 630 | _aPoems-Shakespeare | ||
| 650 | _aShakespeare, William,1564-1616 | ||
| 651 | _aSonnets-Shakespeare | ||
| 700 | _aAuden, W.H., intro. | ||
| 850 | _aLCLIB | ||
| 942 | _cBK | ||
| 999 |
_c5262 _d55741 |
||